| 000 | 00000nam##2200000za#4500 |
| 001 | 9.598909 |
| 003 | CaOODSP |
| 005 | 20210624204811 |
| 007 | cr ||||||||||| |
| 008 | 150406|1997||||xxc|||||o f|0| 0 fre|d |
| 040 | |aCaOODSP|bfre |
| 043 | |an-cn--- |
| 086 | 1 |aBT31-2/1998-III-84F-PDF |
| 110 | 1 |aCanada. |bConseil du trésor. |
| 245 | 10|aCommission des plaintes du public contre la GRC, budget des dépenses 1997-1998, partie III, plan de dépenses |h[ressource électronique] |
| 260 | |aOttawa - Ontario : |bSecrétariat du Conseil du Trésor du Canada |cc1997. |
| 300 | |a25p.|bfigures, graphiques, organigramme, tableaux |
| 490 | 1 |aBudget des dépenses 1997-1998. Partie III, Plan de dépenses |
| 500 | |aLe n° de catalogue (BT31-2/1998-III-84) et l'ISBN (0-660-60124-9) de l'édition imprimée bilingue ont été incorrectement copiés dans cette édition électronique. |
| 590 | |a10-06-Supp|b2010-07-26 |
| 775 | 08|tRCMP Public Complaints Commission, 1997-98 estimates, part III, expenditure plan |w(CaOODSP)9.567578 |
| 776 | 0#|tRoyal Canadian Mounted Police Public Complaints Commission |w(CaOODSP)9.528082 |
| 776 | 0#|tCommission des plaintes du public contre la Gendarmerie royale du Canada |w(CaOODSP)9.528083 |
| 830 | #0|aBudget des dépenses 1997-1998. Partie III, Plan de dépenses.|w(CaOODSP)9.502512 |
| 856 | 40|ahttp://publications.gc.ca|qPDF|s604 Ko|uhttps://publications.gc.ca/collections/Collection/BT31-2-1998-III-84F.pdf |